00680nam a2200181 i 4500001000700000003000900007005001700016007000300033008004100036080001300077100004400090245011000134260006000244300002200304852003200326999001900358952012100377147583ES-MaACL20230906202117.0t|071003s1967 sp ||||1| spa d a86-1"19"1 aUrzainqui Erro, Pascual Manuel.911228210aPoemas rojos...! Poemas blancos...! Poesía... poesía... poesía... /cPascual Manuel Urzainqui Erro. a[Pamplona : bs.n., c1967] (fImp. La Acción Social) a262 p. ; c18 cm. aES-MaACLjG-15933 bR.62264 c147583d147583 00104070aATENEOMbATENEOMcSPP3d2008-01-17eSCl0oG-15933p1154018r2023-02-23 00:00:00w2023-02-23yMONOGRAFIA